| 000 | 00408nam a2200157Ia 4500 | ||
|---|---|---|---|
| 008 | 231217s9999 xx 000 0 und d | ||
| 020 | _a8178810107 | ||
| 041 | _aEnglish | ||
| 082 | _a658.4012 MUK.1;2 R1 | ||
| 100 | _aMukund, A. Dutta, Sanjib ed. | ||
| 245 | 0 | _aBusiness strategy V.1 | |
| 260 |
_c2003 _bIcfai _aHyderabad |
||
| 300 | _aviii, 193+A10 | ||
| 650 | _aBusiness,strategy,V.1 | ||
| 942 | _cAA | ||
| 999 |
_c188504 _d188504 |
||